• Cardim, Pedro Almeida,

di Personal Name

Records bibliografici associati: 1

001 - CONTROL NUMBER

  • control field: 22945

003 - CONTROL NUMBER IDENTIFIER

  • control field: IT-RoINE

005 - DATE AND TIME OF LATEST TRANSACTION

  • control field: 20160321081451.0

008 - FIXED-LENGTH DATA ELEMENTS

  • fixed length control field: 160321|| aca||aabn | a|a d

040 ## - CATALOGING SOURCE

  • Original cataloging agency: IT-RoINE
  • Transcribing agency: IT-RoINE

100 ## - HEADING--PERSONAL NAME

  • Personal name: Cardim, Pedro Almeida,
  • Dates associated with a name: 1967-

670 ## - SOURCE DATA FOUND

  • Source citation: Work cat.: (IT-RoINE)0: Cardim, Pedro Almeida, 1967-, Portugal unido y separado :, 2014.